| Tag |
First Indicator |
Second Indicator |
Subfields |
| LEADER |
00000cam a2200000 a 4500 |
| 001 |
in00000967310 |
| 005 |
20150927071803.0 |
| 007 |
hd afv|||baca |
| 008 |
851123s1651 miuc a 00010 eng d |
| 035 |
|
|
|a (OCoLC)12841414
|
| 035 |
|
|
|9 AEV0356AM
|
| 037 |
|
|
|a CL0037000021
|b UMI
|
| 037 |
|
|
|b University Microfilms International, 300 N. Zeeb Road, Ann Arbor, MI 48106.
|
| 040 |
|
|
|a EAA
|c EAA
|d m/c
|d UtOrBLW
|
| 049 |
|
|
|a TXAI
|
| 099 |
|
|
|a film
|a B
|a 3609
|
| 100 |
1 |
|
|a Diodati, Giovanni,
|d 1576-1649.
|
| 240 |
1 |
0 |
|a Annotationes in Biblia.
|l English
|
| 245 |
1 |
0 |
|a Pious and learned annotations upon the Holy Bible :
|b plainly expounding the most difficult places thereof /
|c by ... Mr. John Diodati ...
|
| 250 |
|
|
|a The third edition corrected and much augmented, with additionall notes of the same author throughout the whole work, and the analysis upon each severall book of the Old and New Testament, setting down the chief heads contained therein, being very much enlarged, is now fully compleated in this third edition.
|
| 264 |
|
3 |
|a London :
|b Printed by James Flesher for Nicholas Fussell,
|c 1651.
|
| 300 |
|
|
|a 1133 unnumbered pages :
|b portrait
|
| 336 |
|
|
|a text
|b txt
|2 rdacontent
|
| 337 |
|
|
|a microform
|b h
|2 rdamedia
|
| 338 |
|
|
|a microfilm reel
|b hd
|2 rdacarrier
|
| 500 |
|
|
|a Added title page engraved.
|
| 500 |
|
|
|a Translation of Annotationes in Biblia.
|
| 500 |
|
|
|a Reproduction of original in Huntington Library.
|
| 510 |
4 |
|
|a Wing
|c D1507
|
| 533 |
|
|
|a Microfilm.
|b Ann Arbor, Mich. :
|c University Microfilms,
|d 1977.
|e 1 microfilm reel. 35 mm.
|f (Early English books, 1641-1700 ; 711:8)
|
| 500 |
|
|
|a Microform.
|
| 630 |
0 |
0 |
|a Bible
|v Commentaries.
|
| 630 |
0 |
0 |
|a Bible
|x Criticism, interpretation, etc.
|
| 830 |
|
0 |
|a Early English books, 1641-1700 ;
|v 711:8.
|
| 999 |
|
|
|a MARS
|
| 999 |
f |
f |
|s 5bc12d3c-7835-3793-81ba-79eb0a2692d3
|i a999e580-1b16-31f8-b303-0fe6b3f2c5ca
|t 0
|
| 952 |
f |
f |
|p default
|a Texas A&M University
|b College Station
|c Sterling C. Evans Library
|d Evans: Microforms (3rd floor)
|t 0
|e film B 3609 711:8
|h Other scheme
|i microform -- microfilm reel
|
| 998 |
f |
f |
|a film B 3609 711:8
|t 0
|l Evans: Microforms (3rd floor)
|